| 000 | 00474nam a2200229Ia 4500 | ||
|---|---|---|---|
| 003 | IT-RoPAU | ||
| 008 | 120407s9999 xx 000 0 und d | ||
| 040 | _aIT-RoPAU | ||
| 040 | _cIT-RoPAU | ||
| 041 | _aita | ||
| 100 | _aJesus Solano | ||
| 100 | _cs.j. | ||
| 245 | _aTestos eucaristicos primitivos. Ed. bilingue | ||
| 250 | _aMadrid | ||
| 260 | _aBAC | ||
| 260 | _c1952 | ||
| 300 | _c20 cm | ||
| 490 | _aBAC 88 e 118 | ||
| 490 | _v1 | ||
| 942 | _cBK | ||
| 999 |
_c70 _d70 |
||